| 000 | 00902nam a22002777a 4500 | ||
|---|---|---|---|
| 003 | CHAP | ||
| 005 | 20220329143722.0 | ||
| 008 | 110405s1986 mx r 00010 spa d | ||
| 010 | _a100857 | ||
| 011 | _a101829 | ||
| 035 | _a112517 | ||
| 040 | _cCHAP | ||
| 082 | 0 | 4 |
_a616.975 _bOr37 |
| 110 | 0 |
_aOrganización Mundial de la Salud _983555 |
|
| 245 | 1 | 0 |
_aToxicología de alimentos : _blecturas complementarias _c/por Organización Mundial de la Salud |
| 260 |
_aMetepec, Méx. : _bECO, _c1986 |
||
| 300 |
_a87 p. : _bilus. |
||
| 590 |
_aBATCH-UPD _b10 _c20130110 _lUCH01 _h1321 |
||
| 590 |
_aBATCH-UPD _b10 _c20130410 _lUCH01 _h0831 |
||
| 590 |
_aBATCH-UPD _b10 _c20130914 _lUCH01 _h0223 |
||
| 590 |
_aCONVERSION _b10 _c20130109 _lUCH01 _h1356 |
||
| 650 | 0 | 4 |
_aAlimentos _xToxicología. _94296 |
| 901 | _aBK | ||
| 942 | _cLIBRO | ||
| 949 |
_a616.975 Or37 _bBC _cLIBRO _d33724002231941 _eLIBRO _i112517 _sb _t$3.500 |
||
| 999 |
_c100857 _d100857 |
||